[Event "Titled Tue 27th May Late"]
[Site "chess.com INT"]
[Date "2025.05.27"]
[Round "5"]
[White "Vykouk, Jan"]
[Black "Haug, Havard"]
[Result "1/2-1/2"]
[WhiteTitle "IM"]
[BlackTitle "FM"]
[WhiteElo "2496"]
[BlackElo "2354"]
[WhiteFideId "349658"]
[BlackFideId "1547887"]
[EventDate "2025.05.27"]

1. e4 g6 2. d4 Bg7 3. Nc3 c6 4. Be3 d5 5. h3 dxe4 6. Nxe4 Nf6 7. Nxf6+ exf6 8.
Bd3 O-O 9. Ne2 Re8 10. O-O Nd7 11. c4 f5 12. Nc3 Nf8 13. Bc2 Be6 14. Qd3 f4 15.
Bxf4 Qxd4 16. Qxd4 Bxd4 17. Bd3 Rad8 18. Rad1 Bxc3 19. bxc3 Nd7 20. Bc7 Rc8 21.
Bd6 Nb6 22. c5 Na4 23. Rb1 b5 24. cxb6 axb6 25. Ba6 Rcd8 26. Bc7 Rd2 27. Bxb6
Nxc3 28. Rbc1 Nxa2 29. Rxc6 Nb4 30. Ba5 Nxc6 31. Bxd2 h5 32. Be3 Rd8 33. Rc1 Nd4
34. Kh2 Nf5 35. Bg5 Ra8 36. Bb7 Rb8 37. Be4 Rc8 38. Rb1 Nd6 39. Bf3 Bf5 40. Rb6
Ne4 41. Bxe4 Bxe4 42. Bf6 Bf5 43. f3 Be6 44. g4 hxg4 45. fxg4 Kf8 46. Kg3 Bd7
47. Rb7 Be6 48. h4 Kg8 49. g5 Kh7 50. Re7 Ra8 51. Kf4 Ra4+ 52. Ke5 Ra5+ 53. Kd6
Ra6+ 54. Kc5 Ra5+ 55. Kb6 Ra8 56. Kb7 Rg8 57. Kc7 Rc8+ 58. Kb7 Rg8 59. Be5 Bd5+
60. Kc7 Be6 61. Bf6 Ra8 62. Kb7 Rg8 1/2-1/2

[Event "Titled Tue 27th May Late"]
[Site "chess.com INT"]
[Date "2025.05.27"]
[Round "5"]
[White "Martinez Alcantara, Jose Eduardo"]
[Black "Goltsev, Dmitry"]
[Result "1-0"]
[WhiteTitle "GM"]
[BlackTitle "FM"]
[WhiteElo "2611"]
[BlackElo "2183"]
[WhiteFideId "3805662"]
[BlackFideId "24176710"]
[EventDate "2025.05.27"]

1. c4 e5 2. g3 Nf6 3. Bg2 Nc6 4. Nc3 a5 5. e3 Be7 6. Nge2 O-O 7. O-O d6 8. d3
Bf5 9. h3 Qd7 10. Kh2 Rab8 11. b3 Nb4 12. e4 Bg6 13. f4 exf4 14. Nxf4 c6 15. Bb2
Ne8 16. d4 Bf6 17. Qd2 Rd8 18. Rad1 Nc7 19. a3 Nba6 20. Na4 Rfe8 21. Rfe1 Ne6
22. Nxe6 Qxe6 23. Qxa5 c5 24. e5 dxe5 25. Nxc5 Nxc5 26. Qxc5 b6 27. Qb5 e4 28.
d5 Qd6 29. Bxf6 Qxf6 30. d6 h5 31. h4 e3 32. Qxb6 Re6 33. Rxe3 Rexd6 34. Rxd6
Rxd6 35. Qb8+ Kh7 36. Re8 Bd3 37. c5 Rd4 38. Qe5 Bg6 39. Qxf6 gxf6 40. c6 Rd2
41. c7 Bf5 42. c8=Q Bxc8 43. Rxc8 Kg7 44. b4 Rc2 45. Rxc2 1-0

[Event "Titled Tue 27th May Late"]
[Site "chess.com INT"]
[Date "2025.05.27"]
[Round "5"]
[White "Tang, Andrew"]
[Black "Ahmad, Khagan"]
[Result "0-1"]
[WhiteTitle "GM"]
[BlackTitle "IM"]
[WhiteElo "2529"]
[BlackElo "2405"]
[WhiteFideId "2059630"]
[BlackFideId "13431552"]
[EventDate "2025.05.27"]

1. d4 Nf6 2. Bf4 b6 3. e3 Bb7 4. a4 g6 5. h4 Bg7 6. a5 d5 7. Bb5+ c6 8. Bd3 c5
9. Bb5+ Bc6 10. Nc3 O-O 11. Nge2 bxa5 12. dxc5 Ne4 13. Nxe4 Bxb5 14. N4c3 Bxe2
15. Qxe2 Nc6 16. Rd1 e5 17. Bg3 d4 18. Qc4 Rb8 19. Nb5 a6 20. Nd6 Rxb2 21. O-O
Qd7 22. Rd2 Rb4 23. Qxa6 a4 24. exd4 exd4 25. Rfd1 h5 26. Rd3 Ne5 27. Bxe5 Bxe5
28. Ne4 Qf5 29. Re1 Qxe4 30. Rdd1 Qxc2 31. g3 d3 32. Qxd3 Qxd3 33. Rxd3 Bd4 34.
c6 Rc8 35. Rc1 Bb6 36. Rd7 Kg7 37. Rb7 a3 38. c7 a2 39. Kg2 Rxc7 0-1

[Event "Titled Tue 27th May Late"]
[Site "chess.com INT"]
[Date "2025.05.27"]
[Round "5"]
[White "Hua, Eugene"]
[Black "Bagchi, Sounak"]
[Result "1-0"]
[WhiteTitle "FM"]
[WhiteElo "2240"]
[BlackElo "2030"]
[WhiteFideId "2618150"]
[BlackFideId "30970059"]
[EventDate "2025.05.27"]

1. b3 a5 2. Bb2 a4 3. bxa4 Rxa4 4. Nc3 Ra8 5. Nf3 Nc6 6. e4 e6 7. Bb5 Nf6 8. O-O
Be7 9. d4 d5 10. e5 Nd7 11. a4 Na5 12. Ne2 c6 13. Bd3 Nb6 14. Nd2 Nac4 15. Nxc4
dxc4 16. Be4 Nxa4 17. Ba3 Nc3 18. Nxc3 Rxa3 19. Na4 Bd7 20. Nc5 Bxc5 21. dxc5
Rxa1 22. Qxa1 Qc7 23. Qd4 O-O 24. Rd1 Bc8 25. h4 g6 26. h5 Kg7 27. f4 Qe7 28.
Qxc4 Qh4 29. Rf1 Qxh5 30. Qd3 Qh4 31. g3 Qe7 32. Qd6 Qxd6 33. cxd6 f5 34. Bf3
Rd8 35. c4 Bd7 36. Ra1 Rb8 37. Ra7 h6 38. c5 g5 39. Kf2 Kg6 40. Ke3 g4 41. Be2
h5 42. Kf2 h4 43. gxh4 Kh6 44. Kg3 Kh5 45. Bc4 Bc8 46. Ra3 Bd7 47. Rb3 Bc8 48.
Rb6 Bd7 49. Bd3 Kh6 50. Bc2 Kh5 51. Ba4 Bc8 52. Bxc6 Ra8 53. Bxb7 Bxb7 54. Rxb7
Ra3+ 55. Kf2 Kxh4 56. Rh7# 1-0

[Event "Titled Tue 27th May Late"]
[Site "chess.com INT"]
[Date "2025.05.27"]
[Round "5"]
[White "Leiva, Gianmarco"]
[Black "Nguyen, Ngoc Truong Son"]
[Result "0-1"]
[WhiteTitle "IM"]
[BlackTitle "GM"]
[WhiteElo "2387"]
[BlackElo "2632"]
[WhiteFideId "3804399"]
[BlackFideId "12401110"]
[EventDate "2025.05.27"]

1. e4 e5 2. Nf3 Nc6 3. Bc4 Bc5 4. O-O Nf6 5. d3 O-O 6. c3 d6 7. Re1 a5 8. a4 Ba7
9. h3 Ne7 10. d4 Ng6 11. Nbd2 Nh5 12. Nf1 Nhf4 13. Ng3 Qf6 14. Be3 h5 15. Nh2 h4
16. Nh5 Qg5 17. Nxf4 Nxf4 18. Ng4 Bxg4 19. Qxg4 Qxg4 20. hxg4 Ng6 21. f3 Rfe8
22. Kf2 Kf8 23. Rh1 c6 24. Rad1 Rad8 25. Be2 d5 26. exd5 Rxd5 27. Bc4 exd4 28.
Bxd4 Bxd4+ 29. Rxd4 Rxd4 30. cxd4 Rd8 31. Rd1 Nf4 32. Bf1 c5 33. Ke3 g5 34. Rd2
Nd5+ 35. Ke4 Nb6 36. Ke3 Nxa4 37. Bb5 cxd4+ 38. Rxd4 Rxd4 39. Kxd4 Nxb2 40. Kc5
Nd1 41. Kb6 Ne3 42. Bf1 Nxf1 0-1

[Event "Titled Tue 27th May Late"]
[Site "chess.com INT"]
[Date "2025.05.27"]
[Round "5"]
[White "Demchenko, Yaroslav"]
[Black "Ehlvest, Jaan"]
[Result "0-1"]
[WhiteTitle "CM"]
[BlackTitle "GM"]
[WhiteElo "2286"]
[BlackElo "2532"]
[WhiteFideId "14186667"]
[BlackFideId "4500016"]
[EventDate "2025.05.27"]

1. e4 e5 2. Nf3 Nc6 3. Bc4 Nf6 4. d4 exd4 5. e5 d5 6. Bb5 Nd7 7. O-O Be7 8. Bxc6
bxc6 9. e6 fxe6 10. Nxd4 Nb8 11. Qh5+ g6 12. Qe2 Kf7 13. Re1 Bf6 14. Nf3 e5 15.
Nxe5+ Kg7 16. Bf4 Re8 17. Nd2 c5 18. Ndf3 Bb7 19. Qd2 Nd7 20. Ng4 d4 21. Ng5 h5
22. Nh6 Nf8 23. Nhf7 Qd5 24. f3 c4 25. Kh1 d3 26. cxd3 Qxd3 27. Qb4 Rxe1+ 28.
Rxe1 Bd5 29. Qc5 c6 30. Nd6 Kg8 31. h4 Rd8 32. Nb7 Rd7 33. Qb4 a5 34. Nxa5 c3
35. bxc3 Qxc3 36. Qxc3 Bxc3 37. Re8 Bxa5 38. a4 Rd8 39. Re7 Bb4 40. Rb7 c5 41.
Be5 Bxb7 0-1

[Event "Titled Tue 27th May Late"]
[Site "chess.com INT"]
[Date "2025.05.27"]
[Round "5"]
[White "Chen, Yidong"]
[Black "Smieszek, Wojciech"]
[Result "1-0"]
[BlackTitle "CM"]
[WhiteElo "2038"]
[BlackElo "2141"]
[WhiteFideId "8607028"]
[BlackFideId "1156047"]
[EventDate "2025.05.27"]

1. e4 c5 2. Nf3 g6 3. c3 Bg7 4. d4 cxd4 5. cxd4 d5 6. e5 Nh6 7. h3 O-O 8. Bd3
Bf5 9. O-O Nc6 10. Nc3 Bxd3 11. Qxd3 e6 12. Bg5 Qb6 13. g4 Kh8 14. Qd2 Ng8 15.
Na4 Qc7 16. Rac1 f6 17. exf6 Nxf6 18. Bf4 Qe7 19. Nc3 Ne4 20. Nxe4 dxe4 21. Ne5
Nxd4 22. Bg3 Rad8 23. Qe3 Nf3+ 24. Nxf3 exf3 25. Rc7 Rd7 26. Rfc1 Rf7 27. b3 Bd4
28. Be5+ Bxe5 29. Qxe5+ Kg8 30. Rc8+ Rd8 31. Rxd8+ Qxd8 32. Qxe6 Kg7 33. Rc8 Qf6
34. Qe8 Qa1+ 35. Kh2 Qf1 36. Qe5+ Kh6 37. Qe3+ Kg7 38. Qd4+ Rf6 39. Rc7+ Kh6 40.
g5+ Kxg5 41. Qg4+ Kh6 42. Qh4# 1-0

[Event "Titled Tue 27th May Late"]
[Site "chess.com INT"]
[Date "2025.05.27"]
[Round "5"]
[White "Ozcan, Kaan"]
[Black "Khodabandeh, Milad"]
[Result "1-0"]
[WhiteTitle "FM"]
[BlackTitle "CM"]
[WhiteElo "2230"]
[BlackElo "1957"]
[WhiteFideId "34566422"]
[BlackFideId "12538620"]
[EventDate "2025.05.27"]

1. d4 d5 2. c4 c6 3. Nc3 Nf6 4. Nf3 dxc4 5. a4 Bf5 6. e3 e6 7. Bxc4 Bb4 8. O-O
O-O 9. Qe2 Nbd7 10. Rd1 Qe7 11. e4 Bg6 12. Bg5 h6 13. Bh4 e5 14. d5 Rfe8 15. Rd2
Bxc3 16. bxc3 Bxe4 17. d6 Qd8 18. Bxf6 Bxf3 19. Qxf3 Qxf6 20. Qe3 b6 21. a5 b5
22. Ba2 a6 23. Rad1 c5 24. Qe4 c4 25. Bb1 g6 26. Qc6 Red8 27. Re2 Qg7 28. Re3 f5
29. Rg3 Kh7 30. Bxf5 Nf8 31. d7 Ra7 32. Rd6 Kh8 33. Bxg6 Raxd7 34. Rxd7 Qxd7 35.
Qf6+ Qg7 36. Qxd8 1-0

[Event "Titled Tue 27th May Late"]
[Site "chess.com INT"]
[Date "2025.05.27"]
[Round "5"]
[White "Tekeyev, Zaur"]
[Black "Alizadeh, Mohammad Mahdi"]
[Result "1-0"]
[WhiteTitle "IM"]
[BlackTitle "CM"]
[WhiteElo "2417"]
[BlackElo "2015"]
[WhiteFideId "4199731"]
[BlackFideId "22598820"]
[EventDate "2025.05.27"]

1. e4 e5 2. Nf3 Nc6 3. Bc4 Nf6 4. d3 Bc5 5. O-O O-O 6. Bg5 h6 7. Bh4 g5 8. Bg3
d6 9. c3 a5 10. d4 Ba7 11. dxe5 Nxe4 12. exd6 Nxg3 13. hxg3 Qxd6 14. Qxd6 cxd6
15. Rd1 Rd8 16. Na3 Kf8 17. Nb5 Bc5 18. Nc7 Rb8 19. Nd2 Bg4 20. Re1 Ne5 21. Bf1
Rbc8 22. Nd5 Be6 23. Nf6 Kg7 24. Nfe4 Ba7 25. Nb3 Ng4 26. Nd4 Bxd4 27. cxd4 Rc2
28. Re2 Rxe2 29. Bxe2 Nf6 30. Nc3 Rc8 31. Bf3 Rc7 32. Nb5 Rc2 33. Nxd6 Rxb2 34.
Nxb7 a4 35. a3 Bb3 36. Nc5 g4 37. Bc6 Rd2 38. Bxa4 Bxa4 39. Nxa4 Ne4 40. Rf1
Rxd4 41. Nb6 Rd6 42. Nc4 Rd4 43. Ne3 Ra4 44. Ra1 h5 45. Nf5+ Kf6 46. Ne3 Nc3 47.
Rc1 Nb5 48. Rc6+ 1-0

[Event "Titled Tue 27th May Late"]
[Site "chess.com INT"]
[Date "2025.05.27"]
[Round "5"]
[White "Saidov, Bilukhadzh"]
[Black "Dudzinski, Pawel"]
[Result "1-0"]
[WhiteTitle "FM"]
[BlackTitle "FM"]
[WhiteElo "2309"]
[BlackElo "2191"]
[WhiteFideId "34165476"]
[BlackFideId "1117890"]
[EventDate "2025.05.27"]

1. d4 f5 2. Nf3 Nf6 3. g3 g6 4. Bg2 Bg7 5. O-O O-O 6. c4 d6 7. b3 Qe8 8. Ba3 h6
9. Nc3 g5 10. Rc1 Qg6 11. Qd3 Ne4 12. Nd5 Qe8 13. Nxc7 Qd8 14. Nxa8 Na6 15. Nd2
Bd7 16. Nxe4 fxe4 17. Qxe4 Qxa8 18. Qxb7 Qxb7 19. Bxb7 Nc7 20. e3 g4 21. c5 dxc5
22. Bxc5 Ne6 23. Bd5 Kh7 24. Bxe7 Re8 25. Bxe6 Bxe6 26. Rc7 Kg6 27. Rc6 Kf7 28.
Rxe6 Kxe6 29. Bc5 Kd5 30. Rc1 a6 31. Kf1 Ke4 32. Ke2 Rd8 33. h3 h5 34. hxg4 hxg4
35. Rh1 Kf5 36. Kd3 Re8 37. Rh5+ Kg6 38. Rd5 Rh8 39. Rd6+ Kf7 40. Rxa6 Rh2 41.
Ke2 Rh1 42. a4 Rb1 43. b4 Rb2+ 44. Kf1 Bf6 45. Rxf6+ Kxf6 46. e4 Ke6 47. a5 Ra2
48. Ke1 Kf6 49. Kd1 Rxf2 50. a6 Ra2 51. a7 Ke6 52. b5 Kd7 53. d5 Kc7 54. e5 Kb7
55. e6 Ra4 56. e7 Re4 57. d6 Rxe7 58. dxe7 1-0

[Event "Titled Tue 27th May Late"]
[Site "chess.com INT"]
[Date "2025.05.27"]
[Round "5"]
[White "Szpar, Milosz"]
[Black "Naroditsky, Daniel"]
[Result "0-1"]
[WhiteTitle "IM"]
[BlackTitle "GM"]
[WhiteElo "2475"]
[BlackElo "2619"]
[WhiteFideId "1184989"]
[BlackFideId "2026961"]
[EventDate "2025.05.27"]

1. e4 Nc6 2. Nf3 e5 3. Bb5 a6 4. Ba4 f5 5. d4 exd4 6. e5 b5 7. Bb3 Na5 8. Nxd4
Bb7 9. Nxf5 Nxb3 10. axb3 g6 11. O-O h5 12. Nd4 Bg7 13. Qd3 Ne7 14. Bg5 O-O 15.
f4 c5 16. Nf3 Qe8 17. Nc3 Nf5 18. Rad1 Rf7 19. Rfe1 Qe6 20. Ne4 Bxe4 21. Qxe4
Rc8 22. Nh4 c4 23. Nxf5 gxf5 24. Qf3 cxb3 25. cxb3 Bf8 26. Qxh5 Rc2 27. Rc1 Qb6+
28. Kh1 Qe3 29. Qd1 Rxc1 30. Qxc1 Qxb3 31. h4 Qg3 32. e6 dxe6 33. Rxe6 Kh7 34.
Qd1 Qg4 35. Qd5 Qh5 36. Rxa6 Bg7 37. Ra8 b4 38. b3 Qg6 39. Qf3 Bc3 40. h5 Qe6
41. Qd1 Rd7 42. Qc2 Rd2 43. Qb1 Qd5 44. Rd8 Qxg2# 0-1

[Event "Titled Tue 27th May Late"]
[Site "chess.com INT"]
[Date "2025.05.27"]
[Round "5"]
[White "Altini, Nicola"]
[Black "Andrade, Ivan"]
[Result "0-1"]
[WhiteTitle "IM"]
[BlackTitle "FM"]
[WhiteElo "2357"]
[BlackElo "2161"]
[WhiteFideId "833924"]
[BlackFideId "14800039"]
[EventDate "2025.05.27"]

1. e4 c5 2. Nf3 d6 3. d4 cxd4 4. Nxd4 Nf6 5. Nc3 a6 6. h3 e5 7. Nb3 Be6 8. Bg5
h6 9. Bxf6 Qxf6 10. Nd5 Qd8 11. a4 g6 12. Bc4 Bg7 13. O-O O-O 14. a5 Nd7 15. Qd3
Rc8 16. Ne3 Nc5 17. Nxc5 dxc5 18. Bxe6 fxe6 19. Qc4 Qe7 20. Rad1 Kh7 21. Rd3
Rcd8 22. Rfd1 Rd4 23. Qb3 Qh4 24. g3 Qxe4 25. Qxe6 Qf3 26. Ng4 Qe2 27. Rxd4 cxd4
28. Rxd4 h5 29. Qc4 Qe1+ 30. Qf1 Qxf1+ 31. Kxf1 exd4 32. Nh2 Bh6 33. Ke2 Rc8 34.
Kd3 Bc1 35. b3 Bb2 36. Nf3 Bc3 37. Ne5 Re8 38. Nc4 Rf8 39. f4 Kg7 40. Ke4 Re8+
41. Kd5 Re2 42. Nd6 Rxc2 43. Nxb7 d3 44. Nc5 d2 45. Ne6+ Kf6 0-1

[Event "Titled Tue 27th May Late"]
[Site "chess.com INT"]
[Date "2025.05.27"]
[Round "5"]
[White "Calvo Gonzalez, Jose Felix"]
[Black "Eminov, Orkhan"]
[Result "0-1"]
[WhiteTitle "CM"]
[BlackTitle "FM"]
[WhiteElo "2168"]
[BlackElo "2239"]
[WhiteFideId "54505615"]
[BlackFideId "13402153"]
[EventDate "2025.05.27"]

1. e4 c5 2. Nf3 d6 3. d4 cxd4 4. Nxd4 Nf6 5. Nc3 Nc6 6. Bc4 e6 7. Bb3 Be7 8. Be3
O-O 9. O-O a6 10. Qe2 Nxd4 11. Bxd4 b5 12. a3 Bb7 13. Rad1 Qc7 14. f4 Rfd8 15.
f5 e5 16. Bf2 Bc6 17. Nd5 Bxd5 18. Bxd5 Rac8 19. c3 Nxd5 20. Rxd5 Qc4 21. Qf3 a5
22. Bb6 Rd7 23. Bxa5 Qb3 24. Bb4 Qxb2 25. Rxb5 Qc2 26. Rd1 h6 27. Qd3 Qa2 28.
Rxe5 dxe5 29. Qxd7 Rd8 30. Qa4 Rxd1+ 31. Qxd1 Bg5 32. Qd3 Qa1+ 33. Kf2 Qh1 34.
h3 Bh4+ 35. Kf3 Qh2 36. Qf1 Qf4+ 37. Ke2 Qxe4+ 38. Kd2 Bg5+ 39. Kd1 Qb1+ 40. Ke2
Qc2+ 41. Kf3 Qxf5+ 42. Ke2 Qc2+ 43. Kf3 e4+ 44. Kg3 e3 0-1

[Event "Titled Tue 27th May Late"]
[Site "chess.com INT"]
[Date "2025.05.27"]
[Round "5"]
[White "Hamitevici, Vladimir"]
[Black "Bortnyk, Olexandr"]
[Result "1/2-1/2"]
[WhiteTitle "GM"]
[BlackTitle "GM"]
[WhiteElo "2423"]
[BlackElo "2601"]
[WhiteFideId "13902393"]
[BlackFideId "14120828"]
[EventDate "2025.05.27"]

1. a3 d5 2. Nf3 Nc6 3. d4 Bf5 4. h3 e6 5. Bg5 f6 6. Bf4 g5 7. Bd2 h5 8. e3 a6 9.
c4 Nge7 10. Nc3 Bg7 11. b4 O-O 12. Qb3 Bg6 13. Be2 Qd7 14. Rc1 Kh7 15. Na4 Rae8
16. Nc5 Qc8 17. Bd3 b6 18. Bxg6+ Nxg6 19. Nxe6 Qxe6 20. cxd5 Nxd4 21. Nxd4 Qe4
22. O-O g4 23. hxg4 hxg4 24. Rxc7 Re7 25. Qc2 Qxc2 26. Rxc2 Rd7 27. Rc6 Rxd5 28.
Rxb6 f5 29. Rc1 Bxd4 30. exd4 Rf7 31. Rcc6 Rxd4 32. Rxg6 Rxd2 33. Rgd6 Ra2 34.
Rxa6 Re7 35. Re6 Rxe6 36. Rxe6 Rxa3 37. Rf6 Rb3 38. Rxf5 Rxb4 39. g3 Kg6 40. Rf8
Kg5 41. Kg2 Rc4 42. Re8 Kf5 43. Kf1 Ra4 44. Rd8 Ra1+ 45. Ke2 Ra2+ 46. Ke3 Ra3+
47. Rd3 Ra5 48. Rc3 Re5+ 49. Kd2 Rd5+ 50. Rd3 Ra5 51. Ke2 Re5+ 52. Kd2 Ra5 53.
Ke3 Re5+ 54. Kd2 Ra5 1/2-1/2

[Event "Titled Tue 27th May Late"]
[Site "chess.com INT"]
[Date "2025.05.27"]
[Round "5"]
[White "Gharibyan, Mamikon"]
[Black "Ozates, Tuna"]
[Result "1-0"]
[WhiteTitle "GM"]
[BlackTitle "FM"]
[WhiteElo "2472"]
[BlackElo "2217"]
[WhiteFideId "13308300"]
[BlackFideId "6354521"]
[EventDate "2025.05.27"]

1. d4 Nf6 2. c4 e6 3. Nf3 d5 4. Nc3 Be7 5. Bg5 O-O 6. e3 c6 7. Qc2 Nbd7 8. Rd1
h6 9. Bh4 Ne8 10. Bg3 Nd6 11. b3 f5 12. Bd3 Ne4 13. O-O Qa5 14. Ne2 g5 15. Bxe4
fxe4 16. Ne5 Nxe5 17. Bxe5 Bd7 18. f3 Be8 19. fxe4 Bg6 20. Ng3 dxe4 21. Qe2 Qd8
22. Qg4 Qd7 23. h4 a5 24. Kh2 a4 25. Rxf8+ Rxf8 26. d5 cxd5 27. cxd5 axb3 28.
axb3 Bf5 29. Qh5 Kh7 30. d6 Bd8 31. Rf1 gxh4 32. Nxe4 Rg8 33. Nf2 Rg5 34. Qf3
Qc6 35. e4 Bg6 36. Bf4 Rc5 37. Re1 Rc3 38. Qe2 Rc2 39. Qf3 Bf6 40. Ng4 Bg7 41.
Ne5 1-0

[Event "Titled Tue 27th May Late"]
[Site "chess.com INT"]
[Date "2025.05.27"]
[Round "5"]
[White "Yang, Kaiqi"]
[Black "Chelly, Yahya"]
[Result "1-0"]
[WhiteTitle "GM"]
[BlackTitle "CM"]
[WhiteElo "2481"]
[BlackElo "2039"]
[WhiteFideId "8604398"]
[BlackFideId "5516200"]
[EventDate "2025.05.27"]

1. e4 c6 2. d4 d5 3. Nc3 dxe4 4. Nxe4 Nf6 5. Ng3 h5 6. h4 Bg4 7. f3 Qc7 8. Kf2
Bd7 9. Bc4 e6 10. N1e2 c5 11. Bf4 Qb6 12. Be3 Nc6 13. d5 exd5 14. Bxd5 O-O-O 15.
c4 Be6 16. Bxe6+ fxe6 17. Qc2 Nb4 18. Qg6 Nd3+ 19. Kg1 Ne5 20. Qc2 Bd6 21. Bf4
Qc7 22. Rf1 Rhf8 23. Rh3 Ng6 24. Bg5 Nf4 25. Nxf4 Bxf4 26. Ne4 Bxg5 27. hxg5
Nxe4 28. Qxe4 Qd6 29. Rxh5 Rf4 30. Qe3 Rxc4 31. Rh7 Rc2 32. Rxg7 Rh8 33. f4 Qd5
34. Rf3 Qd1+ 35. Rf1 Qd5 36. Qf3 Qd4+ 37. Rf2 Qxg7 38. Rxc2 Qd4+ 39. Rf2 Rf8 40.
g6 Rg8 41. Qg4 b6 42. Qxe6+ Kb7 43. Qf7+ Ka6 44. Qxg8 Qd1+ 45. Rf1 Qd4+ 46. Kh1 1-0

[Event "Titled Tue 27th May Late"]
[Site "chess.com INT"]
[Date "2025.05.27"]
[Round "5"]
[White "Kilic, Eray"]
[Black "Shukhman, Anna"]
[Result "1-0"]
[WhiteTitle "IM"]
[BlackTitle "WGM"]
[WhiteElo "2469"]
[BlackElo "2413"]
[WhiteFideId "44517173"]
[BlackFideId "54180058"]
[EventDate "2025.05.27"]

1. e4 c5 2. c3 d5 3. exd5 Qxd5 4. d4 g6 5. Nf3 Bg7 6. Be3 cxd4 7. cxd4 Nc6 8.
Nc3 Qd6 9. d5 Ne5 10. Rc1 a6 11. Qa4+ Bd7 12. Nb5 Nxf3+ 13. gxf3 Qe5 14. f4 Qxb2
15. Nc7+ Kd8 16. Qa5 b6 17. Qd2 Qxd2+ 18. Kxd2 Rb8 19. Nxa6 Rb7 20. Nb4 Nf6 21.
Nc6+ Ke8 22. Ba6 Rc7 23. Bxb6 Nxd5 24. Bxc7 Nxc7 25. Bd3 e6 26. a4 Nd5 27. Bb5
Bh6 28. Ra1 Bxf4+ 29. Kd3 Kf8 30. Ke4 Bg5 31. Nd4 Nc3+ 32. Kd3 Nxb5 33. axb5 Kg7
34. Ra7 Rd8 35. Kc4 Bf6 36. Nc6 Bxc6 37. bxc6 Rd4+ 38. Kb5 Rd2 39. Rd7 Rb2+ 40.
Ka6 Rc2 41. Kb7 Be5 42. Rb1 Rxf2 43. c7 Bxc7 44. Kxc7 Rxh2 45. Rf1 Rc2+ 46. Kd8
h5 47. Rfxf7+ Kh6 48. Rde7 h4 49. Rh7+ Kg5 50. Rxe6 Rd2+ 51. Ke7 Rd4 52. Rg7 h3
53. Rgxg6+ Kh4 54. Rh6+ Kg3 55. Re3+ Kf2 56. Rexh3 Rf4 57. Rf6 1-0

[Event "Titled Tue 27th May Late"]
[Site "chess.com INT"]
[Date "2025.05.27"]
[Round "5"]
[White "Barseghyan, Armen Ar."]
[Black "Kravtsiv, Martyn"]
[Result "1-0"]
[WhiteTitle "IM"]
[BlackTitle "GM"]
[WhiteElo "2348"]
[BlackElo "2598"]
[WhiteFideId "13306707"]
[BlackFideId "14113147"]
[EventDate "2025.05.27"]

1. Nf3 Nf6 2. c4 e6 3. d4 d5 4. Nc3 Be7 5. Bg5 O-O 6. e3 h6 7. Bh4 b6 8. cxd5
Nxd5 9. Bxe7 Qxe7 10. Nxd5 exd5 11. Bd3 c5 12. dxc5 bxc5 13. O-O Be6 14. Rc1 Nd7
15. h3 a5 16. a4 c4 17. Bc2 Nb6 18. Nd4 Bd7 19. b3 Rfc8 20. bxc4 dxc4 21. Rb1
Nd5 22. Qf3 Nb4 23. Rfc1 g6 24. Qf4 h5 25. h4 Kg7 26. Nf3 Qf6 27. Qxf6+ Kxf6 28.
Be4 Rab8 29. Ra1 Rc5 30. Rc3 Re8 31. Nd2 Rec8 32. Bb7 R8c7 33. Ne4+ Ke7 34. Nxc5
Rxc5 35. Be4 Be6 36. g3 Rc7 37. Bf3 Bd7 38. Be2 Be6 39. f3 Kd6 40. g4 Kc5 41.
gxh5 gxh5 42. Bxc4 Bxc4 43. Rac1 Kd5 44. Rd1+ Ke6 45. Rd4 f5 46. Rcxc4 Rg7+ 47.
Kf2 Rg8 48. Rc5 f4 49. exf4 1-0

[Event "Titled Tue 27th May Late"]
[Site "chess.com INT"]
[Date "2025.05.27"]
[Round "5"]
[White "Papadopoulos, Georgios3"]
[Black "Tari, Aryan"]
[Result "0-1"]
[WhiteTitle "FM"]
[BlackTitle "GM"]
[WhiteElo "2363"]
[BlackElo "2636"]
[WhiteFideId "4210271"]
[BlackFideId "1510045"]
[EventDate "2025.05.27"]

1. Nf3 Nf6 2. g3 c5 3. Bg2 Nc6 4. d4 cxd4 5. Nxd4 e5 6. Nxc6 dxc6 7. O-O Be6 8.
Nd2 h6 9. e4 a5 10. a4 Bc5 11. Qe2 O-O 12. Nf3 Nd7 13. Be3 Qb6 14. Bxc5 Qxc5 15.
Rfd1 b5 16. axb5 cxb5 17. Nh4 b4 18. Nf5 Rfc8 19. Qg4 Bxf5 20. exf5 Nf6 21. Qe2
e4 22. Rd2 Re8 23. Qe3 Qxf5 24. b3 Ng4 25. Qd4 Rac8 26. Re1 Nf6 27. Rde2 Red8
28. Qe3 Rc3 29. Bxe4 Nxe4 30. Qxe4 Qxe4 31. Rxe4 Rxc2 32. Re5 Rdd2 33. Rf1 Ra2
34. Re3 Rdb2 35. Rf3 g6 36. Rd1 Rd2 37. Re1 Re2 38. Rd1 Rad2 39. Rc1 Rc2 40. Rd1
Red2 41. Re1 Rc3 42. Rf4 Rd7 43. Re5 Ra7 44. Re3 Rxe3 45. fxe3 Rb7 46. Kf2 a4 0-1

[Event "Titled Tue 27th May Late"]
[Site "chess.com INT"]
[Date "2025.05.27"]
[Round "5"]
[White "Rabin, Evan"]
[Black "Piddubna, Bozhena"]
[Result "1/2-1/2"]
[BlackTitle "WFM"]
[WhiteElo "1945"]
[BlackElo "2174"]
[WhiteFideId "2028670"]
[BlackFideId "34109293"]
[EventDate "2025.05.27"]

1. e4 e5 2. Nf3 Nc6 3. Bb5 a6 4. Ba4 Nf6 5. O-O Be7 6. c3 d6 7. Re1 b5 8. Bb3
Na5 9. Bc2 c5 10. h3 g5 11. d4 g4 12. dxe5 dxe5 13. Qxd8+ Bxd8 14. hxg4 Nxg4 15.
a4 b4 16. cxb4 cxb4 17. Nbd2 Bb6 18. Re2 Rg8 19. Nb3 h5 20. Nxa5 Bxa5 21. b3 f6
22. Bd3 Be6 23. Nd2 h4 24. Kh1 Bb6 25. Bc4 Bxc4 26. Nxc4 Bxf2 27. Bd2 Bd4 28.
Rf1 a5 29. Be1 Rh8 30. Rf3 Ke7 31. Rh3 Ke6 32. Rxh4 Rxh4+ 33. Bxh4 Rh8 34. g3
Nf2+ 35. Kg2 Nd1 36. Nxa5 Nc3 37. Re1 f5 38. exf5+ Kxf5 39. Nc6 Nd5 40. a5 Ra8
41. Rf1+ Ke4 42. g4 Ne3+ 43. Kg1 Nxf1+ 44. Kxf1 Kd5 45. Nxb4+ Kc5 46. Nd3+ Kb5
47. b4 Kc4 48. Ke2 e4 49. Nf2 Bxf2 50. Bxf2 Kxb4 51. Bb6 Kc4 52. Ke3 Kd5 53. g5
Rg8 54. Kf4 Rf8+ 55. Kg4 Rb8 56. g6 Kc4 57. Kf4 Kd3 58. g7 Rg8 59. a6 Rxg7 60.
a7 Rg8 61. Ke5 Re8+ 62. Kd6 e3 63. Bxe3 Kxe3 64. Kc7 Kd4 65. Kb7 Kc5 66. a8=Q
Rxa8 67. Kxa8 1/2-1/2

[Event "Titled Tue 27th May Late"]
[Site "chess.com INT"]
[Date "2025.05.27"]
[Round "5"]
[White "Herrera Ortiz, Miguel"]
[Black "Petrus, Adrian"]
[Result "1-0"]
[WhiteTitle "IM"]
[BlackTitle "CM"]
[WhiteElo "2174"]
[BlackElo "2203"]
[WhiteFideId "5100550"]
[BlackFideId "14573652"]
[EventDate "2025.05.27"]

1. e4 e5 2. Nf3 Nc6 3. Bb5 f5 4. d3 fxe4 5. dxe4 Nf6 6. O-O Bc5 7. Bxc6 bxc6 8.
Nxe5 O-O 9. Nc3 Qe8 10. Nd3 Bd4 11. Re1 d6 12. Ne2 Bb6 13. Ng3 Ng4 14. Re2 Ne5
15. Be3 Bg4 16. f3 Nxf3+ 17. gxf3 Bxf3 18. Bxb6 axb6 19. Qd2 Bxe2 20. Qxe2 Qg6
21. a3 Ra5 22. Rf1 Rxf1+ 23. Qxf1 Rg5 24. Kh1 h5 25. Nf5 Kh8 26. Nf4 Qe8 27. Qf3
d5 28. Ng3 dxe4 29. Nxe4 Re5 30. Nf2 Re1+ 31. Kg2 g6 32. h4 Kh7 33. N2h3 Kh6 34.
Ng5 Qe3 35. Qxe3 Rxe3 36. Kf2 Re8 37. Nfe6 Re7 38. Kf3 Rd7 39. Ke3 c5 40. c4 c6
41. b4 cxb4 42. axb4 b5 43. c5 Ra7 44. Nd4 Ra3+ 45. Ke4 Rg3 46. Nxc6 Rg4+ 47.
Kd5 Rxh4 48. Nf7+ Kg7 49. Nfe5 Rf4 50. Nd4 Rf8 51. Ne6+ Kg8 52. Nxf8 Kxf8 53.
Nxg6+ Ke8 54. Nh4 Kd8 55. c6 Kc7 56. Kc5 Kc8 57. Kxb5 Kc7 58. Kc5 1-0